000 00236nam a2200097Ia 4500
001 693016
005 20250826161906.0
008 250824s9999 xx 000 0 und d
245 0 _aHANDAN/A.KULİN/EVEREST
_cAYŞE KULİN
260 _bEVEREST
999 _c693016
_d693016